000 00559nam a2200205Ii 4500
003 JO-AjNU
008 230606s9999||||xx |||||||||||||| ||und||
020 _a0-443-03429-X
040 _aJO-AjNU
_beng
_erda
_cJO-AjNU
041 _aeng
050 1 4 _aRB111.S97.1992
100 3 _aHENRY,
_eauthor
_93673
245 0 0 _aTHYMUS ,LYMBH,NODES,SPLEEN and LYMPhatics
250 _a1 ed
264 3 1 _aLONDON:CHURCHILL LIVINGSTONE
300 _a1036p
336 _atext
_btxt
_2rdacontent
337 _aunmediated
_bn
_2rdamedia
338 _avolume
_bnc
_2rdacarrier
999 _aE1915
_c1915
_d1915